Президенты США XX-XXI века - Statistics

General Stats
  • This quiz has been taken 137 times
  • The average score is 12 of 21
Answer Stats
Годы президентства Answer % Correct
2017-2021 Дональд Трамп
90%
2021-2025 Джо Байден
90%
2009-2017 Барак Обама
87%
2001-2009 Джордж Буш Младший
81%
1989-1993 Джордж Буш Старший
79%
1933-1945 Франклин Рузвельт
78%
1961-1963 Джон Кеннеди
78%
1993-2001 Билл Клинтон
77%
1981-1989 Рональд Рейган
71%
1901-1909 Теодор Рузвельт
64%
1945-1953 Гарри Трумэн
57%
1969-1974 Ричард Никсон
57%
1953-1961 Дуайт Эйзенхауэр
54%
1977-1981 Джимми Картер
54%
1913-1921 Вудро Вильсон
45%
1963-1969 Линдон Джонсон
41%
1974-1977 Джеральд Форд
39%
1929-1933 Герберт Гувер
31%
1909-1913 Уильям Тафт
23%
1921-1923 Уоррен Гардинг
19%
1923-1929 Калвин Кулидж
19%
No matching quizzes found
Score Distribution
Percent of People with Each Score
Percentile by Number Answered
Your Score History
You have not taken this quiz